Les 50 meilleurs jeux-vidéos (Metacritic) - Statistiques

Statistiques générales
  • Ce quiz a été pris 369 fois
  • Le résultat moyen est 8 sur 50
Statistiques - réponses
Année, note (console test) Jeux % Correct
2014, 97/100 (PS4) Grand Theft Auto 5
69%
2017, 97/100 (Switch) The Legend of Zelda Breath of the Wild
58%
2013, 95/100 (PS3) The Last of Us
57%
2014, 95/100 (PS4) The Last of Us Remastered
54%
2018, 94/100 (PS4) God of War
50%
2010, 95/100 (Xbox 360) Red Dead Redemption
50%
2017, 92/100 (Switch) Mario Kart 8 Deluxe
37%
2018, 97/100 (PS4) Red Dead Redemption 2
37%
2010, 97/100 (Wii) Super Mario Galaxy 2
36%
2017, 97/100 (Switch) Super Mario Odyssey
33%
2015, 92/100 (PS4) The Witcher 3 Wild Hunt
31%
2016, 92/100 (PC) The Witcher 3 Wild Hunt (Blood and Wine)
31%
2011, 96/100 (Xbox 360) The Elder Scrolls V Skyrim
29%
2011, 94/100 (3DS) The Legend of Zelda Ocarina of Time 3D
28%
2016, 93/100 (PS4) Uncharted 4 A Thief’s End
21%
2018, 93/100 (Switch) Super Smash Bros Ultimate
19%
2011, 92/100 (PS3) Uncharted 3 L’Illusion de Drake
17%
2016, 91/100 (PC) Overwatch
15%
2013, 93/100 (Wii U) Super Mario 3D World
12%
2015, 92/100 (PS4) Bloodborne
11%
2011, 92/100 (PS3) ICO & Shadow of the Colossus Collection
10%
2011, 95/100 (Xbox 360) Portal 2
10%
2015, 92/100 (PC) Undertale
10%
2017, 93/100 (PS4) Persona 5
9%
2011, 93/100 (Wii) The Legend of Zelda Skyward Sword
9%
2010, 92/100 (PS3) God of War 3
8%
2010, 96/100 (Xbox 360) Mass Effect 2
8%
2018, 92/100 (Switch) Celeste
7%
2019, 91/100 (PC) Final Fantasy XIV Shadowbringers
7%
2018, 92/100 (Xbox One) Forza Horizon 4
7%
2016, 91/100 (Xbox One) Forza Horizon 3
6%
2012, 92/100 (Wii) Xenoblade Chronicles
6%
2014, 91/100 (Wii U) Bayonetta 2
5%
2012, 93/100 (Xbox 360) Mass Effect 3
5%
2015, 93/100 (PS4) Metal Gear Solid 5 The Phantom Pain
5%
2011, 94/100 (Xbox 360) Batman Arkham City
3%
2013, 94/100 (PC) BioShock Infinite
3%
2015, 92/100 (3DS) Fire Emblem Awakening
2%
2012, 92/100 (PS3) Journey
2%
2010, 93/100 (Xbox 360) Pac-Man Championship Edition DX
2%
2014, 92/100 (Wii U) Super Smash Bros Wii U
2%
2010, 92/100 (PS3) Super Street Fighter 4
2%
2017, 93/100 (PC) Divinity Original Sin 2
1%
2016, 93/100 (Xbox One) Inside
1%
2011, 91/100 (PS3) LittleBigPlanet 2
1%
2012, 93/100 (PS Vita) Persona 4 Golden
1%
2010, 93/100 (PC) StarCraft 2 Wings of Liberty
1%
2018, 92/100 (PS4) Divinity Original Sin 2 (Definitive Edition)
0%
2019, 91/100 (Switch) Dragon Quest XI Les Combattants de la Destinée (Definitive Edition)
0%
2010, 93/100 (Xbox 360) Rock Band 3
0%
Aucun quiz correspondant
Distribution des résultats
% des personnes avec chaque résultat
Percentile par nombre de réponses
Votre historique - résultats
Vous n’avez pas pris ce quiz